Cliquez sur le bon emoji - Mort subite - Statistiques

Statistiques générales
  • Ce quiz a été pris 148 fois
  • Le résultat moyen est 14 sur 27
Answers on the Grid
Answers color-coded by a green-red scale on the quiz's grid according to % correct below.
😈
👿
😈
😈
😈
👿
👿
👿
👿
👿
👿
😈
👿
😈
😈
😈
👿
😈
👿
👿
😈
😈
😈
😈
😈
😈
😈
👿
😈
😈
👿
😈
😈
😈
👿
👿
😈
😈
😈
👿
👿
👿
😈
😈
👿
👿
👿
😈
 
Statistiques - réponses
Réponse % Correct
😈
78%
😈
62%
😈
62%
😈
58%
😈
58%
😈
58%
😈
57%
😈
54%
😈
54%
😈
54%
😈
54%
😈
54%
😈
54%
😈
54%
😈
53%
😈
53%
😈
52%
😈
51%
😈
51%
😈
50%
😈
48%
😈
48%
😈
48%
😈
47%
😈
45%
😈
44%
😈
40%
Aucun quiz correspondant
Distribution des résultats
% des personnes avec chaque résultat
Percentile par nombre de réponses
Votre historique - résultats
Vous n’avez pas pris ce quiz